|
|
|
|
| LEADER |
00000csc a2200000 a 4500 |
| 001 |
68466 |
| 005 |
20230308210830.0 |
| 008 |
000050|1999 ||||||||r|||||||||||spa|| |
| 020 |
|
|
|a 0 19 437094 1
|
| 040 |
|
|
|b spa
|
| 041 |
1 |
|
|a eng
|
| 082 |
0 |
|
|a 428
|
| 100 |
1 |
|
|a Maley, Alan
|9 22271
|
| 245 |
|
|
|a Literature
|c Alan Duff y Alan Maley
|h imp
|
| 264 |
|
|
|a Oxford
|b Oxford University Press
|c 1999
|
| 300 |
|
|
|a 167 páginas:
|b ilu
|c 24.5 cm
|
| 490 |
|
|
|a Resource Books for Teachers
|
| 500 |
|
|
|a Grupo: 1
|
| 504 |
|
|
|a incl. ref.
|
| 650 |
1 |
|
|a Literature for teachers
|9 289645
|
| 650 |
1 |
|
|a Enseñanza del ingles
|9 16413
|
| 700 |
1 |
|
|a Duff, Alan y Alan Maley
|9 289646
|
| 773 |
|
|
|g 167 páginas:
|
| 852 |
|
|
|a UC-CDJBV
|c SEGUNDO PISO
|f Donación
|k npena
|l 1
|m General
|p 20000508
|r 2
|t 68466
|y 114169
|b 0
|d CDRC
|e CDRC
|g 428 SEGUNDO PISO
|z 2000-00-50
|
| 942 |
|
|
|
| 999 |
|
|
|c 116675
|d 116675
|